The microeconomics of market failures

Αποθηκεύτηκε σε:
Λεπτομέρειες βιβλιογραφικής εγγραφής
Κύριος συγγραφέας: Salanie, Bernard
Μορφή: Βιβλίο
Γλώσσα:English
Spanish
Δημοσίευση: Cambridge, Mass : MIT Press, c2000.
Θέματα:
Ετικέτες: Προσθήκη ετικέτας
Δεν υπάρχουν, Καταχωρήστε ετικέτα πρώτοι!

MARC

LEADER 00000cam a2200000 i 4500
001 1/97475
008 081118s2000 mau| ||| |||| ||eng||
020 |a 0262194430 
035 |l 10101726 
040 |a GR-MyUA  |b gre  |e AACR2 
041 1 |a eng  |h spa 
082 0 |a 338.5  |2 (22) 
100 1 |a Salanie, Bernard. 
245 1 4 |a The microeconomics of market failures /   |c Bernard Salanie.  
260 |a Cambridge, Mass :   |b MIT Press,   |c c2000.  
300 |a ix, 224 σ. :   |b εικ. ;   |c 24 εκ.  
500 |a Τίτλος πρωτοτύπου: Microeconomie.  
504 |a Περιέχει βιβλιογραφικές παραπομπές και ευρετήριο.  
650 0 0 |a Equilibrium (Economics) 
650 0 0 |a Efficient market theory. 
650 0 0 |a Welfare economics. 
650 0 0 |a Industrial organization (Economic theory) 
852 |a INST  |b CHIOS  |e 20081118  |h 338.5 SAL  |p 005200030767  |q 005200030767  |t BK  |y 0 
901 |a BIBL2-2008-3 
909 |a Χ  |b 153777 
922 |a 2ΕΛΗ  |b 200809  |c ΕΠΕΑΕΚ2/ΤΔΕ  |d Ι. ΜΙΧΑΛΟΠΟΥΛΟΣ 
970 |a ΒΑΡΦΗΣ  |b ΒΑΓΓΕΛΗΣ  |z 2008/11/18